THE NARCOTIC DRUGS AND PSYCHOTROPIC SUBSTANCES ACT, 1985 (Record no. 6767)

MARC details
000 -LEADER
fixed length control field 00398nam a22001577a 4500
005 - DATE AND TIME OF LATEST TRANSACTION
control field 20200601110907.0
008 - FIXED-LENGTH DATA ELEMENTS--GENERAL INFORMATION
fixed length control field 200601b xxu||||| |||| 00| 0 eng 0
041 ## - LANGUAGE CODE
Language code of text/sound track or separate title eng
082 ## - DEWEY DECIMAL CLASSIFICATION NUMBER
Classification number 340
100 ## - MAIN ENTRY--AUTHOR NAME
Personal name BARE ACT
245 ## - TITLE STATEMENT
Title THE NARCOTIC DRUGS AND PSYCHOTROPIC SUBSTANCES ACT, 1985
260 ## - PUBLICATION, DISTRIBUTION, ETC. (IMPRINT)
Place of publication DELHI
Name of publisher PROFESSIONAL BOOK PUBLISHERS
300 ## - PHYSICAL DESCRIPTION
Number of Pages 230;p
650 ## - SUBJECT ADDED ENTRY--TOPICAL TERM
Topical Term LAW
942 ## - ADDED ENTRY ELEMENTS (KOHA)
Koha item type Books

No items available.